MESTSKÁ KNIŽNICA GIRALTOVCE  - online katalóg 

Meno pre naše dieťa (Record no. 12239)

000 -NÁVESTIE
fixed length control field 00768nam a2200217 a 4500
008 - ÚDAJE S PEVNOU DĹŽKOU – VŠEOBECNÉ INFORMÁCIE
fixed length control field 951123s1985||||[C 0 slo c
020 ## - MEDZINÁRODNÉ ŠTANDARDNÉ ČÍSLO KNIHY (ISBN)
Údaje o dostupnosti 15 Kčs.
Qualifying information (20000 výtl.)
040 ## - ZDROJ KATALOGIZÁCIE
Pôvodná katalogizujúca agentúra SNK
Jazyk katalogizácie slo
Prepisujúca agentúra SNK
Konvencie popisu AACR2
041 1# - KÓD JAZYKA
Kód jazyka textu/zvukovej stopy alebo samostatných nápisov slo
Kód jazyka originálu a/alebo sprostredkujúcich prekladov textu slo
044 ## - KÓD KRAJINY VYDAVATEĽA/PRODUCENTA
Kód krajiny MARC xo
Kód krajiny ISO SK
080 ## - ČÍSLO MEDZINÁRODNÉHO DESATINNÉHO TRIEDENIA (MDT)
Číslo Medzinárodného desatinného triedenia (MDT) 801.313.1
100 1# - OSOBNÉ MENÁ – VŠEOBECNÉ INFORMÁCIE
Osobné meno Majtán, Milan
Kód roly aut
245 10 - NÁZOV
Názov Meno pre naše dieťa
Údaj o zodpovednosti atď. Milan Majtán, Matej Považaj ; Tibor Hrabovský
250 ## - ÚDAJ O PORADÍ VYDANIA
Údaj o poradí vydania 2., vyd.
260 ## - VYDAVATEĽSKÉ ÚDAJE, DISTRIBÚCIA ATĎ.
Miesto publikovania, distribúcie atď. Bratislava
Názov vydavateľa, distibútora atď. Obzor
Dátum publikovania, distribúcie atď. 1985
Miesto výroby Košice
Výrobca Východoslovenské tlačiarne
300 ## - FYZICKÝ POPIS
Rozsah 200 s., 8,73 AH
Rozmery 19 cm
500 ## - VŠEOBECNÁ POZNÁMKA
Formátovaná poznámka o obsahu Lit. 23. Ilustr. na front. a predsádke. Zozn. úrad. podôb rodných mien. 23 zázn. v slov., češ., ruš., nem. poľ. a maď.
700 1# - PRIDANÝ VSTUP – OSOBNÉ MENO
Osobné meno Považaj, Matej
Kód roly aut
700 1# - PRIDANÝ VSTUP – OSOBNÉ MENO
Osobné meno Hrabovský, Tibor
Kód roly bkd
958 ## - Formálny deskriptor
Formálny deskriptor A
Holdings
Stav stiahnutia (Blokovanie) (Withrawn status) Stav straty Stav poškodenia (Damaged status) Nie pre výpožičky (Not for loan) Spôsob nadobudnutia (Collection code) Trvalé umiestnenie Aktuálne umiestnenie Dátum nadobudnutia Náklady, bežná kúpna cena Inventárne číslo (prírastkové číslo) Full call number Dátum posledného výskytu Cena s účinnosťou od Typ jednotky Koha
        Kúpa Mestská knižnica Giraltovce Mestská knižnica Giraltovce 2019-11-29 15.00 11533 B 5659 2019-11-29 2019-11-29 Krásna literatúra pre dospelých

Powered by Koha